| 000 | 00320nam a2200109Ia 4500 | ||
|---|---|---|---|
| 008 | 230320s9999||||xx |||||||||||||| ||spa|| | ||
| 082 | _a869.5/T73H/v.4 | ||
| 100 | _aToro Montalvo, Cesar | ||
| 245 | 0 | _aHistoria De La Literatura Peruana; Costumbrismo Y Literatura Negra En El Peru | |
| 260 | _bSAN MARCOS | ||
| 942 |
_80 _cLIB |
||
| 999 |
_c35283 _d35283 |
||